Khảo luận về ưng bình thúc giạ thị

Tallennettuna:
Bibliografiset tiedot
Päätekijä: Hà Xuân Liêm
Aineistotyyppi: Kirja
Kieli:Vietnamese
Julkaistu: THOA 2005
Tagit: Lisää tagi
Ei tageja, Lisää ensimmäinen tagi!
Thư viện lưu trữ: Mạng thư viện Đại học Đà Nẵng
LEADER 00632nam a2200277 4500
001 000026901
003 947
005 20150325120000.0
008 150325s vm 000 vie
020 |c 21,0000 
040 |a NOTTS 
100 |a Hà Xuân Liêm 
245 |a Khảo luận về ưng bình thúc giạ thị 
260 |b THOA  |c 2005 
300 |a 218tr. ; 
OWN |a LTT 
999 |a From the UDN01 
TYP |a Monograph 
TYP |a Printed language 
980 |a Mạng thư viện Đại học Đà Nẵng